2021 Atlanta Braves Roster - Statistics

General Stats
  • This quiz has been taken 747 times
  • The average score is 16 of 28
Answer Stats
Position Player % Correct
1B Freddie Freeman
97%
2B Ozzie Albies
93%
SS Dansby Swanson
91%
RF Ronald Acuna Jr.
91%
3B Austin Riley
87%
SP Max Fried
82%
C Travis d'Arnaud
82%
Manager Brian Snitker
79%
RF Jorge Soler
72%
LF Eddie Rosario
70%
SP Charlie Morton
69%
OF Joc Pederson
65%
CL Will Smith
65%
OF Adam Duvall
63%
LF Kevan Smith
61%
LF Marcell Ozuna
56%
RP Tyler Matzek
53%
SP Ian Anderson
52%
RP A.J. Minter
48%
C William Contreras
45%
RP Luke Jackson
43%
CF Guillermo Heredia
38%
RP Kyle Wright
32%
UT Ehire Adrianza
24%
SP Huascar Ynoa
22%
SP Drew Smyly
21%
LF Abraham Almonte
14%
RP Touki Toussaint
7%
No matching quizzes found
Score Distribution
Percent of People with Each Score
Percentile by Number Answered
Your Score History
You have not taken this quiz